Sports Quiz

Random Sports or Letter Quiz

Sort the 'C' Teams Quiz Stats

Quiz Updated Sep 24, 2017

Also try: Sort the 'R' Teams
Challenge
Share
Tweet
Embed
Score 0/14 Timer 01:00
4 Plays Today
Question Answer Wrong Answers
Dallas Cowboys NFL
95.4%
MLB
0.7%
NBA
0.7%
NHL
0.3%
Boston Celtics NBA
95.2%
MLB
1.1%
NFL
0.5%
NHL
0.4%
Vancouver Canucks NHL
94.8%
MLB
1%
NBA
0.7%
NFL
0.6%
Chicago Cubs MLB
94.4%
NBA
1.1%
NFL
1.1%
NHL
0.4%
Montreal Canadiens NHL
94.3%
MLB
1.6%
NBA
0.6%
NFL
0.5%
Cleveland Cavaliers NBA
93.8%
MLB
1.4%
NFL
1.2%
NHL
0.7%
Indianapolis Colts NFL
93.8%
MLB
1.4%
NBA
1.3%
NHL
0.7%
Los Angeles Clippers NBA
93.3%
MLB
1.7%
NFL
0.6%
NHL
1.5%
Kansas City Chiefs NFL
91.8%
MLB
3.4%
NBA
1.1%
NHL
0.7%
St. Louis Cardinals MLB
90.4%
NBA
0.8%
NFL
4.8%
NHL
1.1%
Los Angeles Chargers NFL
89.4%
MLB
2.2%
NBA
2.8%
NHL
2.5%
Arizona Cardinals NFL
85.9%
MLB
9.4%
NBA
1.1%
NHL
0.9%
Arizona Coyotes NHL
85.7%
MLB
5.8%
NBA
3.7%
NFL
1.8%
Washington Capitals NHL
85%
MLB
6.3%
NBA
4.6%
NFL
1.1%

You're not logged in!

Compare scores with friends on all Sporcle quizzes.
Sign Up with Email
OR
Log In

You Might Also Like...

Show Comments

Extras

Top Quizzes Today


Score Distribution

Your Account Isn't Verified!

In order to create a playlist on Sporcle, you need to verify the email address you used during registration. Go to your Sporcle Settings to finish the process.

Report this User

Report this user for behavior that violates our Community Guidelines.

Details: